000 00469nmm a2200169Ia 4500
008 251105s9999||||xx |||||||||||||||||und||
020 _a9788488015365
041 _aspa
100 _aBellido, Juan Félix
245 0 _aLa fuente de los quebrantos
264 _a[Madrid, España] :
_bCalambur,
_c1997
300 _a96 páginas
490 _aPrimera Estampa
650 _aSpanish narrative
856 _uhttps://public.digitaliapublishing.com/a/67502
942 _cCF
999 _c87020
_d87020